Evalution of the work-load of the village level workers (Record no. 496157)

000 -LEADER
fixed length control field 00388cam a22001097a 4500
008 - FIXED-LENGTH DATA ELEMENTS--GENERAL INFORMATION
fixed length control field 180718b1963 xxu||||| |||| 00| 0 eng d
082 ## - DEWEY DECIMAL CLASSIFICATION NUMBER
Classification number R6x3414 Or4
245 ## - TITLE STATEMENT
Title Evalution of the work-load of the village level workers
Statement of responsibility, etc. by Planning and Co-Ordination Department
260 ## - PUBLICATION, DISTRIBUTION, ETC.
Place of publication, distribution, etc. Madhupatna
Name of publisher, distributor, etc. Government of Orissa
Date of publication, distribution, etc. 1963
300 ## - PHYSICAL DESCRIPTION
Extent 71p
700 ## - ADDED ENTRY--PERSONAL NAME
Personal name Orissa. Planning and Co-Ordination Department
Holdings
Withdrawn status Lost status Damaged status Not for loan Permanent Location Current Location Date acquired Full call number Barcode Date last seen Price effective from Koha item type
        Indian Institute of Public Administration Indian Institute of Public Administration 2018-08-04 R6x3414 Or4 GG19340 2018-08-04 2018-08-04 GG

Powered by Koha